| 000 | 00338nam a2200145Ia 4500 | ||
|---|---|---|---|
| 008 | 230312s9999||||xx |||||||||||||| ||und|| | ||
| 020 | _a0-8493-1734-7 | ||
| 082 |
_a621.395 _bCHE-L |
||
| 100 | _aChen;Wai.Kai | ||
| 245 | 0 | _aLogic Design | |
| 260 |
_bCRC _aUSA _c2003 |
||
| 546 | _aEng. | ||
| 650 |
_aEngineering _vLogic Design |
||
| 942 | _cBK | ||
| 999 |
_c7791 _d7791 |
||